The red badge of courage / (Record no. 827)

MARC details
000 -LEADER
fixed length control field 00704nam a2200193 4500
003 - CONTROL NUMBER IDENTIFIER
control field IeDuTC
005 - DATE AND TIME OF LATEST TRANSACTION
control field 20181127162834.0
008 - FIXED-LENGTH DATA ELEMENTS--GENERAL INFORMATION
fixed length control field 950313s1994 enk 000 1 eng
010 ## - LIBRARY OF CONGRESS CONTROL NUMBER
LC control number 8500063291
020 ## - INTERNATIONAL STANDARD BOOK NUMBER
International Standard Book Number 0140367101 (pbk)
100 1# - MAIN ENTRY--PERSONAL NAME
Personal name Crane, Stephen,
Dates associated with a name 1871-1900.
245 14 - TITLE STATEMENT
Title The red badge of courage /
Statement of responsibility, etc. Stephen Crane.
260 ## - PUBLICATION, DISTRIBUTION, ETC.
Place of publication, distribution, etc. London :
Name of publisher, distributor, etc. Puffin,
Date of publication, distribution, etc. 1994.
300 ## - PHYSICAL DESCRIPTION
Extent 216 p. ;
Dimensions 20 cm.
490 0# - SERIES STATEMENT
Series statement Puffin classics.
650 ## - SUBJECT ADDED ENTRY--TOPICAL TERM
Topical term or geographic name entry element Chancellorsville, Battle of, Chancellorsville, Va., 1863 --Fiction.
Form subdivision
General subdivision
Chronological subdivision
Geographic subdivision
Source of heading or term
651 ## - SUBJECT ADDED ENTRY--GEOGRAPHIC NAME
Geographic name Virginia --History --Civil War, 1861-1865 --Fiction.
Form subdivision
General subdivision
Chronological subdivision
Geographic subdivision
Source of heading or term
856 ## - ELECTRONIC LOCATION AND ACCESS
Host name
Uniform Resource Identifier <a href="http://www2.hn.psu.edu/faculty/jmanis/s~crane/red_badge.pdf">http://www2.hn.psu.edu/faculty/jmanis/s~crane/red_badge.pdf</a>
Link text The red badge of courage
Public note
Materials specified
Holdings
Withdrawn status Lost status Source of classification or shelving scheme Damaged status Not for loan Collection code Home library Current library Shelving location Serial Enumeration / chronology Inventory number Total Checkouts Full call number Barcode Date last seen Price effective from Koha item type
    Dewey Decimal Classification     Main TEST RTC Library RTC Library Main opac 4253   813.4 CRA 30001556 27/11/2018 27/11/2018 Main
Royal Thimphu College || All Right Reserved